000 00661nam a2200241Ia 4500
005 20260306150615.0
008 008 260114s9999 xx 000 0 eng d
020 _a9780520376458
037 _aEbook
040 _aCRL
040 _beng
040 _cCRL
041 _2eng
041 _aeng
084 _qCRL
245 4 _aThe Fundamental Equations of Dynamics and Its Main Coordinate Systems Vectorially Treated and Illustrated from Rigid Dynamics
260 _bUniversity of California Press
260 _c1918
650 _aPhysics
856 _uhttps://www.degruyter.com/isbn/9780520376458
942 _cEBOOK
999 _c1698102
_d1698102